Eurovision Song Lyrics - Lithuania - Statistics

General Stats
  • This quiz has been taken 38 times
  • The average score is 41 of 104
Answer Stats
Answer % Correct
į
83%
Tu
75%
tu
75%
sentimentai
58%
ir
54%
Ir
54%
Man
54%
Tuk
54%
tuk
54%
46%
Ko
46%
momentai
46%
Naktį
46%
širdį
46%
tai
46%
ten
46%
Atminimų
42%
kur
42%
mano
42%
Bėga
38%
bėga
38%
Dvasia
38%
galvoje
38%
matytas
38%
Milijonas
38%
pasibeldžia
38%
pilna
38%
ratu
38%
rožių
38%
Seniai
38%
Sukasi
38%
akių
33%
debesų
33%
Ilgesio
33%
lyg
33%
akyse
29%
juokies
29%
jūroje
29%
lydima
29%
Nidos
29%
Skęsta
29%
spindinčių
29%
Toli
29%
toli
29%
Viskas
29%
ašaros
25%
jis
25%
Jis
25%
juoda
25%
jūra
25%
kaip
25%
klaunas
25%
kopų
25%
nebesugrįš
25%
nerami
25%
niekada
25%
Ošia
25%
puta
25%
vidury
25%
moju
21%
Pamenu
21%
stoviu
21%
veide
21%
žuvėdrai
21%
atplaukė
17%
No matching quizzes found
Score Distribution
Percent of People with Each Score
Percentile by Number Answered
Your Score History
You have not taken this quiz